000 00784nam a2200265Ia 4500
003 OSt
005 20221005103756.0
006 a|||||r|||| 00| 0
007 ta
008 221004b |||||||| |||| 00| 0 hin d
020 _a8187416181
024 _a23640
037 _cTextual
040 _aCRL
_cCRL
_bhin
041 _2hin
_ahin
082 _aO152,8NSHx, N9
100 _aशर्मा, विनोद
245 0 _aमेरी मर्जी
246 _aMerī marjī
260 _aदिल्ली
_bआलोक पर्व भारत
_c1999
300 _a84पृ0
_ccm.
650 _aहिन्दी साहित्य
942 _hO152,8NSHx, N9
_cTEXL
_2cc
999 _c1010875
_d1010875